Southville International School and Colleges
Your cart is empty.
  • Cart
  • Lists
    Public lists list_1 View all
    Your lists Log in to create your own lists
  • Log in to your account
  • Your cookies
  • Search history
Southville International School and Colleges
  • Advanced search
  • Recent comments
  • Most popular
  • Libraries

Log in to your account

Log in with GOOGLE


If you do not have an external account, but do have a local account, you can still log in:

  1. Home
  2. MARC view: Underground spirit :
Normal view MARC view ISBD view

Underground spirit : (Record no. 292384)

[ view plain ]
MARC details
000 -LEADER
fixed length control field 00604nam a2200205Ia 4500
008 - FIXED-LENGTH DATA ELEMENTS--GENERAL INFORMATION
fixed length control field 160319s9999 xx 000 0 und d
020 ## - INTERNATIONAL STANDARD BOOK NUMBER
International Standard Book Number 9789715426381
050 ## - LIBRARY OF CONGRESS CALL NUMBER
Classification number 899.210301
050 ## - LIBRARY OF CONGRESS CALL NUMBER
Item number .U55 2010 vol. 1
245 ## - TITLE STATEMENT
Title Underground spirit :
245 ## - TITLE STATEMENT
Remainder of title Philippine short stories in English, 1973-1989 / Vol. I, 1973-1982.
245 ## - TITLE STATEMENT
Statement of responsibility, etc edited by Gemino H. Abad.
260 ## - PUBLICATION, DISTRIBUTION, ETC. (IMPRINT)
Place of publication, distribution, etc Quezon City :
260 ## - PUBLICATION, DISTRIBUTION, ETC. (IMPRINT)
Name of publisher, distributor, etc University of the Philippines Press,
260 ## - PUBLICATION, DISTRIBUTION, ETC. (IMPRINT)
Date of publication, distribution, etc 2010
300 ## - PHYSICAL DESCRIPTION
Extent 641 pages ;
300 ## - PHYSICAL DESCRIPTION
Dimensions 23 cm.
650 ## - SUBJECT ADDED ENTRY--TOPICAL TERM
Topical term or geographic name as entry element Short stories, Philippine (English)
700 ## - ADDED ENTRY--PERSONAL NAME
Personal name Abad, Gemino.
Holdings
Withdrawn status Lost status Damaged status Home library Current library Shelving location Date acquired Total Checkouts Full call number Barcode Date last seen Price effective from Koha item type
      Stonyhurst Southville International School (Batangas) Stonyhurst Southville International School (Batangas) Filipiniana Section 03/19/2016   Fil 899.210301 .U55 2010 vol. 1 US-2031 03/19/2016 03/19/2016 Books

Underground spirit :

APA

Abad G., .Underground spirit. Quezon City: .

Chicago

Abad Gemino, .Underground spirit. Quezon City: .

Harvard

Abad G., .Underground spirit. Quezon City: .

MLA

Abad Gemino, .Quezon City: . .

  • Place hold
  • Print
  • Cite
  • Add to your cart (remove)
  • Save record
    BIBTEX Dublin Core MARCXML MARC (non-Unicode/MARC-8) MARC (Unicode/UTF-8) MARC (Unicode/UTF-8, Standard) MODS (XML) RIS
  • More searches
    Search for this title in:
    Other Libraries (WorldCat) Other Databases (Google Scholar) Online Stores (Bookfinder.com) Open Library (openlibrary.org)

Exporting to Dublin Core...

SOUTHVILLE LIBRARY

Southville International School and Colleges Library

1281 Tropical Ave. Cor. Luxembourg St., BF Homes International, Las Pinas City

Tel. No. 8256374 / 252358 Loc. 117/146

Powered by Koha